000 00827nam a2200241Ia 4500
003 GCL
005 20240530102338.0
008 140319s9999 xx 000 0 ara d
040 _aGCL /
_cGCL
082 0 4 _a737.409
_bق/م م
100 1 _aمايسة محمود داود
245 1 0 _aالمسكوكات الفاطمية بمجموعة متحف الفن الاسلامى بالقاهرة /
_cمايسة محمود داود
260 _a[S.N] :
_bدار الفكر العربى ،
_c1991
300 _a550 ص
650 0 4 _aالدولة الفاطمية
650 0 4 _aالالقاب
650 0 4 _aمتحف الفن الاسلامى
650 0 4 _aالنظام المالى
650 0 4 _aالمسكوكات
650 0 4 _aالمسكوكات العربية
650 0 4 _aالفن الاسلامى
942 _2ddc
_cBK
999 _c31585
_d31585